A TEXTBOOK ON ASSESMENT MONITORING , DOCOUMENTATION AND REPORTING OF ADVERSE DRUG REACTIONS (Record no. 8924)

MARC details
000 -LEADER
fixed length control field 00591nam a22001817a 4500
005 - DATE AND TIME OF LATEST TRANSACTION
control field 20251126181005.0
008 - FIXED-LENGTH DATA ELEMENTS--GENERAL INFORMATION
fixed length control field 251120b |||||||| |||| 00| 0 eng d
020 ## - INTERNATIONAL STANDARD BOOK NUMBER
ISBN 978-93-88022-71-2
041 ## - LANGUAGE CODE
Language code of text/sound track or separate title eng
082 ## - DEWEY DECIMAL CLASSIFICATION NUMBER
Classification number 615.704 SIV-T
100 ## - MAIN ENTRY--AUTHOR NAME
Personal name SIVANANDY, DR. PALANISAMY AND ARUNACHALAM, MRS. SUMATHY
245 ## - TITLE STATEMENT
Title A TEXTBOOK ON ASSESMENT MONITORING , DOCOUMENTATION AND REPORTING OF ADVERSE DRUG REACTIONS
250 ## - EDITION STATEMENT
Edition statement RE. PRINT ED. 2025
260 ## - PUBLICATION, DISTRIBUTION, ETC. (IMPRINT)
Place of publication NEW DELHI
Name of publisher INNOVATIVE PUBLICATION PVT LTD
Year of publication 2025
300 ## - PHYSICAL DESCRIPTION
Number of Pages 136;P
650 ## - SUBJECT ADDED ENTRY--TOPICAL TERM
Topical Term PHARMACY
General subdivision B.PHARMA
942 ## - ADDED ENTRY ELEMENTS (KOHA)
Koha item type Books
Holdings
Lost status Damaged status Collection code Home library Current library Date acquired Source of acquisition Cost, normal purchase price Full call number Accession Number Koha item type
    PHARMACY JRU Library JRU Library 14/11/2025 PURCHASE 425.00 615.704 29032 Books